Culture Générale - Série 116 - Statistiques

Statistiques générales
  • Ce quiz a été pris 477 fois
  • Le résultat moyen est 5 sur 10
Statistiques - réponses
Question Réponse % Correct
Dans quel sport pouvez-vous recevoir un shido ? Judo
90%
De quel pays les parents de Charles Aznavour étaient-ils originaires ? Arménie
88%
Quel syndicat a dirigé Bernard Thibault de 1999 à 2013 ? CGT
82%
Selon le proverbe, à quel coeur n'y a-t-il "rien d'impossible" ? Coeur vaillant
72%
Dans quel art s'illustre Fred Vargas ? Littérature
64%
Qui formait le groupe Wham en duo avec Andrew Ridgeley dans les années 80 ? George Michael
46%
Qui est l'auteur de la pièce : "le Jeu de l'amour et du hasard" ? Marivaux
35%
Quelle championne de tennis a été poignardée en plein match en 1993 ? Monica Seles
33%
Dans un jeu de cartes, comment se prénomme le roi de coeur ? Charles
22%
Quel comédien est steward dans "Trois Hommes et un couffin" ? André Dussollier
11%
Aucun quiz correspondant
Distribution des résultats
% des personnes avec chaque résultat
Percentile par nombre de réponses
Votre historique - résultats
Vous n’avez pas pris ce quiz